000 00271nam a22001337a 4500
020 _a81-85617-80-5
041 _aENG
100 _aChapman.W.A.J
245 _aWorkshop Technology 1
260 _adelhi
_bViva Books
_c1998
300 _a412
650 _aFMP
856 _uFMP
999 _c258
_d258